Mastering the sap business information warehouse / (Record no. 187716)
[ view plain ]
| 000 -LEADER | |
|---|---|
| fixed length control field | 00857nam a2200265Ia 4500 |
| 003 - CONTROL NUMBER IDENTIFIER | |
| control field | OSt |
| 005 - DATE AND TIME OF LATEST TRANSACTION | |
| control field | 20251023103451.0 |
| 008 - FIXED-LENGTH DATA ELEMENTS--GENERAL INFORMATION | |
| fixed length control field | 210716s2006 xx 000 0 und d |
| 020 ## - INTERNATIONAL STANDARD BOOK NUMBER | |
| International Standard Book Number | 8126503416 |
| 040 ## - CATALOGING SOURCE | |
| Transcribing agency | AIMIT LIBRARY |
| 041 ## - LANGUAGE CODE | |
| Language code of text/sound track or separate title | eng |
| 082 ## - DEWEY DECIMAL CLASSIFICATION NUMBER | |
| Classification number | 005.758 |
| Item number | MCDK |
| 100 ## - MAIN ENTRY--PERSONAL NAME | |
| Personal name | Mcdonald, Kevin. |
| 9 (RLIN) | 242432 |
| 245 ## - TITLE STATEMENT | |
| Title | Mastering the sap business information warehouse / |
| Statement of responsibility, etc. | By Kevin McDonald ...[et.al.]. |
| 250 ## - EDITION STATEMENT | |
| Edition statement | 1st ed. |
| 260 ## - PUBLICATION, DISTRIBUTION, ETC. | |
| Place of publication, distribution, etc. | New Delhi : |
| Name of publisher, distributor, etc. | Wiley India , |
| Date of publication, distribution, etc. | 2006. |
| 300 ## - PHYSICAL DESCRIPTION | |
| Extent | xx,513 p.; |
| Other physical details | PB |
| Dimensions | 24.5 cm. |
| 650 ## - SUBJECT ADDED ENTRY--TOPICAL TERM | |
| Topical term or geographic name entry element | Origins of business intelligence |
| 9 (RLIN) | 242433 |
| 650 ## - SUBJECT ADDED ENTRY--TOPICAL TERM | |
| Topical term or geographic name entry element | Business information warehouse architecture |
| 9 (RLIN) | 242434 |
| 650 ## - SUBJECT ADDED ENTRY--TOPICAL TERM | |
| Topical term or geographic name entry element | Understanding business content |
| 9 (RLIN) | 242549 |
| 700 ## - ADDED ENTRY--PERSONAL NAME | |
| Personal name | Wilmsmeier, Andreas. |
| 9 (RLIN) | 242435 |
| 700 ## - ADDED ENTRY--PERSONAL NAME | |
| Personal name | Dixon, David C. |
| 9 (RLIN) | 242436 |
| 700 ## - ADDED ENTRY--PERSONAL NAME | |
| Personal name | Inmon, W.H. |
| 9 (RLIN) | 242437 |
| 942 ## - ADDED ENTRY ELEMENTS (KOHA) | |
| Source of classification or shelving scheme | Dewey Decimal Classification |
| Koha item type | Book |
| Call number prefix | 005.758 MCDK |
| Withdrawn status | Lost status | Damaged status | Not for loan | Collection code | Home library | Current library | Source of acquisition | Cost, normal purchase price | Total Checkouts | Full call number | Barcode | Date last seen | Cost, replacement price | Price effective from | Koha item type |
|---|---|---|---|---|---|---|---|---|---|---|---|---|---|---|---|
| MCA | St Aloysius Institute of Management & Information Technology | St Aloysius Institute of Management & Information Technology | Higginbothams Pvt Ltd | 399.00 | 005.758 MCDK | MCA07224 | 05/23/2026 | 319.20 | 07/16/2021 | Book |